| Tag |
First Indicator |
Second Indicator |
Subfields |
| LEADER |
00000nam a2200000 a 4500 |
| 001 |
in00004754635 |
| 006 |
m|||||o||d|||||||| |
| 007 |
cr ||||||||||| |
| 008 |
120319s1999 cau fo| 001|0|eng|d |
| 005 |
20231120173607.7 |
| 020 |
|
|
|a 9781452232911 (ebook) :
|c No price
|
| 035 |
|
|
|a (OCoLC)808342375
|
| 035 |
|
|
|a (StDuBDS)EDZ0000063717
|
| 040 |
|
|
|a StDuBDS
|b eng
|c StDuBDS
|e pn
|
| 050 |
|
0 |
|a KF479
|b .W35 1999
|
| 082 |
0 |
4 |
|a 323.3520973
|2 23
|
| 100 |
1 |
|
|a Walker, Nancy E.
|
| 245 |
1 |
0 |
|a Children's rights in the United States :
|b in search of a national policy /
|c Nancy E. Walker, Catherine M. Brooks, Lawrence S. Wrightsman.
|
| 260 |
|
|
|a Thousand Oaks, Calif. ;
|a London :
|b SAGE,
|c c1999.
|
| 300 |
|
|
|a 1 online resource (x, 278 pages)
|
| 336 |
|
|
|a text
|b txt
|2 rdacontent
|
| 337 |
|
|
|a computer
|b c
|2 rdamedia
|
| 338 |
|
|
|a online resource
|b cr
|2 rdacarrier
|
| 520 |
8 |
|
|a The Rights of Children in the United States provides discussion on: the historical and contextual perspective on the rights of children; the UN Convention on the Rights of the Child; and the differing views on children's rights and competencies.
|
| 521 |
|
|
|a Specialized.
|
| 588 |
|
|
|a Description based on print version record.
|
| 504 |
|
|
|a Includes bibliographical references and index.
|
| 650 |
|
0 |
|a Children's rights
|z United States.
|
| 650 |
|
0 |
|a Children
|x Legal status, laws, etc.
|z United States.
|
| 655 |
|
7 |
|a Electronic books.
|2 local
|
| 700 |
1 |
|
|a Brooks, Catherine M.
|
| 700 |
1 |
|
|a Wrightsman, Lawrence S.
|
| 710 |
2 |
|
|a Sage Publications.
|
| 776 |
0 |
8 |
|i Print version :
|z 9780803951044
|
| 856 |
4 |
0 |
|u http://proxy.library.tamu.edu/login?url=https://sk.sagepub.com/books/childrens-rights-in-the-united-states
|z Connect to the full text of this electronic book
|t 0
|
| 955 |
|
|
|a SAGE Knowledge
|
| 999 |
f |
f |
|s c0121e6a-482c-4a8e-8225-799169d95b67
|i 25911dfc-2203-4d44-9c83-ea170381641f
|t 0
|
| 952 |
f |
f |
|a Texas A&M University
|b College Station
|c Electronic Resources
|d Available Online
|t 0
|e KF479 .W35 1999
|h Library of Congress classification
|
| 998 |
f |
f |
|a KF479 .W35 1999
|t 0
|l Available Online
|